000 00609nam a22001937a 4500
999 _c525780
_d525780
003 NUST
005 20190704100948.0
008 190704b ||||| |||| 00| 0 eng d
038 _aAttaullah.
082 _a628
100 _aQureshi, Amrah
_916724
245 _aEfficacy of Chlorine and Chloramine Decay within a Prototype Distribution Network /
_cAmrah Qureshi.
260 _aIslamabad :
_bIESE - SCEE - NUST.
_c2018.
300 _axvi, 100 p. : ill. ;
_c30cm.
500 _aHard Cover.
650 _aEnvironmental Science - MS THESIS.
_916562
700 _aDr. Imran Hashmi.
_916725
942 _2ddc
_cTHE